00389nam a2200145Ia 4500008004100000020001500041041001200056100002000068245008200088250000800170260002500178300000800203650001600211700001600227221030s9999 xx 000 0 und d a8120334984 aEnglish aA. S. Tanenbaum 0aDistributed Systems : Principles & Paradigmscby A. S. Tanenbaum, M. V. Steen a2nd bPHIaNew Delhic2014 a686 aBB Computer aM. V. Steen